| 000 | 00632nam a2200205 a 4500 | ||
|---|---|---|---|
| 005 | 20241129063746.0 | ||
| 008 | 991125s1964 es 000 0 spa u | ||
| 035 | _aUPN01000011393 | ||
| 049 | _aI | ||
| 050 | 4 |
_aLB1595 _bC5.3 1964 |
|
| 100 | 1 |
_aClisant, Charles _937072 |
|
| 245 | 1 | 3 |
_aEl constructor joven / _cCharles Clisant ; tr. Ana Ma. Rubio. |
| 250 | _a3a ed. | ||
| 260 |
_aMadrid : _bSantillana, _c1964. |
||
| 300 |
_a96 p. : _bil. |
||
| 440 | 0 | _aEnciclopedia de las aficiones | |
| 534 |
_pTítulo original: _tTours et astuces de jeune constructeur |
||
| 650 | 4 |
_aTrabajos manuales (Educación) _96600 |
|
| 905 | _aInfantil | ||
| 999 |
_c11393 _d11393 |
||